Zgadnij klub po herbie (bardzo trudny) - Statystyki

Ogólne statystyki
  • Ten quiz został rozwiązany 30 razy
  • Średni wynik to 5 z 16
Statystyki odpowiedzi
Obrazkowy Odpowiedź % Poprawnych
SC Heerenveen/Heerenveen
68%
Brescia Fc/Brescia
64%
Fc Cincinnati/Cincinnati
55%
Pelikan Łowicz
55%
Sandhausen
50%
Kalmar FF/Kalmar
36%
Walsall Fc/Walsall
36%
Portimonense SC/Portimonense
32%
Abha Club
27%
Gwarek Tarnowskie Góry
23%
CD Castellon/Castellon
18%
Stromsgodset
18%
Ujpest FC/Ujpest
18%
Fc Botosani/Botosani
14%
Unionistas
5%
Criciuma E.C/Criciuma
0%
Nie znaleziono quizów pasujących do podanych kryteriów
Rozkład punktacji
Procent ludzi z każdym wynikiem
Percentyl według liczby udzielonych odpowiedzi
Twoja historia wyników
Nie rozwiązałeś tego quizu